Często uczęszczane przystanki tramwajowe w Poznaniu - Statystyki

Ogólne statystyki
  • Ten quiz został rozwiązany 24 razy
  • Średni wynik to 18 z 34
Statystyki odpowiedzi
Odpowiedź % Poprawnych
Rondo Kaponiera
88%
Głogowska/Hetmańska
83%
Most Teatralny
83%
Poznań Główny
83%
Rondo Śródka
79%
AWF
75%
Dworzec Zachodni
71%
Półwiejska
71%
Rynek Jeżycki
71%
Aleje Marcinkowskiego
67%
Wrocławska
67%
Kórnicka
63%
Słowiańska
63%
Fredry
58%
Gwarna
58%
Kurpińskiego
58%
Most Dworcowy
58%
Traugutta
58%
Małe Garbary
54%
Rynek Wildecki
54%
Szymanowskiego
54%
Park Wilsona
50%
Rondo Starołęka
50%
Rynek Łazarski
50%
Aleje Solidarności
46%
Lechicka Poznań Plaza
42%
Szwedzka
42%
Rondo Nowaka-Jeziorańskiego
33%
Święty Marcin
33%
27 Grudnia - Teatr Polski
29%
Pl.Wiosny Ludów
21%
Most Św.Rocha
17%
Bułgarska ENEA Stadion
8%
Grochowska
8%
Nie znaleziono quizów pasujących do podanych kryteriów
Rozkład punktacji
Procent ludzi z każdym wynikiem
Percentyl według liczby udzielonych odpowiedzi
Twoja historia wyników
Nie rozwiązałeś tego quizu